000 00467nam a2200193Ia 4500
003 OSt
005 20230703130920.0
008 230519s9999 xx 000 0 und d
020 _a978-8123917771
040 _c0
041 _aeng
082 _a610.7362/GHA/DB0130
100 _aGhai O P
245 _aGhai Essential Pediatrics
260 _bCBS Publishers & Distributors
_aNew Delhi
_c2005
300 _a719p
942 _2ddc
_cDB
999 _c158954
_d158954